00540nam a22001697a 450000500170000001000140001702000260003103500130005703700130007008200120008310000180009524500670011326000400018027000740022030000260029450000500032020100802164816.0 aENG-97706 a9788178311814c450.00 aEN-81239 bDBAD/PUB a320.954 aRoy, Himanshu aSecularism and its colonial legacy in India /cby Himanshu Roy aNew DelhibManak Publicationsc2009 aB-7, Saraswati Complex, Subhash Chowk, Laxmi NagarbNew Delhie110092 axiv,137p. c23cm (Hb) aIncludes bibliographical references and index